| 000 | 04240nam a22003857a 4500 | ||
|---|---|---|---|
| 008 | 100415t xxu||||| |||| 00| 0 eng d | ||
| 082 |
_a031 _bع ا ل |
||
| 245 |
_aموسوعة عالم المعرفة / _cرئيس التحرير العام ليونارد سيلي م. إد. _hHeinemann Children's Encyclopedia / |
||
| 250 | _aط 2. | ||
| 260 |
_aبيروت : _bدار نوبليس للنشر ، _c2007. |
||
| 300 |
_a18 ج. _c24 سم. |
||
| 500 | _aيحتوي علي فهرس | ||
| 505 | _aج1 ، الشعوب -- ج2، الحيوانات -- ج3، النباتات -- ج4، الأرض والفلك -- ج5، مشاهير الرجال والنساء -- ج6، مواصلات واتصالات -- ج7، التكنولوجيا -- ج8، الدول والأقاليم -- ج9، فنون وتسلية -- ج 10، رياضة وهوايات -- ج 11، الفهرس العام -- ج 12، الجسم البشري -- ج13، الكهرباء -- ج14، الكمبيوتر -- ج15، العرباي -- ج16، المادة -- ج17، الطيران والفضاء -- ج18، عالم الأحياء -- | ||
| 650 | 0 |
_913575 _aالأطفال _vدوائر معارف _xثقافة |
|
| 700 | 1 |
_913574 _aإد، ليونارد سيلي م |
|
| 942 |
_2ddc _cREFERENCE |
||
| 999 |
_c13897 _d13897 |
||